000
00224nam a2200097Ia 4500
008
120527s9999 xx 000 0 und d
100
_a
BARWELL,Lan
245
_a
The harnessing of draught animals
260
_b
IT
942
_c
BK
999
_c
25193
_d
25193